000 00470nam a2200181Ia 4500
003 OSt
005 20240924123520.0
008 210210b1935 xxu||||| |||| 00| 0 eng d
040 _cAL
041 _akan
082 _a858/184
100 _aVENKATARAMAYYA (C K)
_9147094
_dವೆಂಕಟರಾಮಯ್ಯ (ಸಿಕೆ)
245 _aBuddha:
_bಬುದ್ಧ
260 _aBengaluru
_b-
_c1935
690 _aBiography
_9147095
906 _a020727
942 _2ddc
_cBK
999 _c144881
_d144881